000 00511nam a2200181Ia 4500
003 IN-BaIIA
008 211028s9999 xx 000 0 eng d
020 _a0-7195-4015-1
040 _cIIA Library
080 _a621.38
_bDUN
100 _aDuncan, T
_913807
245 0 _aSuccess in electronics
_cT. Duncan
260 _aDordrecht
_bD. Reidel Publishing
_c1983
300 _axiii, 348p.
650 _aElectronics
_91576
650 _aNASA thesaurus
942 _cBK
999 _c8225
_d8225